000 00878cad a22002055a 4500
001 L154834
008 120420s2012 xxk f 000 0 eng d
035 _a(Sirsi) u155898
041 0 _aeng
110 2 _aSavills Research
_95211
245 0 0 _aPrime regional residential markets
_h[electronic resource]
260 _c2012
490 0 _aSavills Research Residential Market in Minutes Prime Regional Residential Markets
_vApril 2012
520 _aThe prime regional markets in 1Q 2012 show first signs of recovery with average prices across the regions increasing by 0.6%. Notes regional differences with South East showing signs of growth.
590 _aKA
651 4 _aUnited Kingdom
_y
690 _aResidential property
_96266
856 4 0 _uhttps://www.savills.co.uk/research/residential-research.aspx
_zView this item free of charge at www.savills.co.uk
942 _n0
999 _c113906
_d113906